| 000 | 00823nam a2200193Ia 4500 | ||
|---|---|---|---|
| 008 | 151121s9999||||xx |||||||||||||| ||und|| | ||
| 082 | _a920/पाल | ||
| 082 | _bHNW-8382 | ||
| 100 | _aपाल कुसुम- अनु(पेन अलबर्ट ) | ||
| 245 | _aनटखट बालक: लोकप्रिय कथाकार | ||
| 260 | _b"नवनीत प्रकाशन लि।, बम्बई" | ||
| 260 | _c-- | ||
| 300 | _a170 | ||
| 600 | _aपाल कुसुम- अनु(पेन अलबर्ट ) | ||
| 630 | _aनटखट बालक: लोकप्रिय कथाकार | ||
| 700 | _aपाल कुसुम- अनु(पेन अलबर्ट ) | ||
| 730 | _aनटखट बालक: लोकप्रिय कथाकार | ||
| 942 | _cBOOK | ||
| 999 |
_c1214898 _d1214895 |
||